| 000 | 00959nam a2200277 a 4500 | ||
|---|---|---|---|
| 001 | 000022520 | ||
| 005 | 20240301140404.0 | ||
| 008 | 091028s2004 pr 001 f spa d | ||
| 020 | _z1932271244 | ||
| 040 |
_aDO-SdBNP _bspa _cBNPHU |
||
| 082 |
_aPR863.44 _bC115h, 2004 |
||
| 100 | 1 |
_aCabiya, Pedro, _d1971- _916077 |
|
| 245 | 1 | 0 |
_aHistorias atroces que frangolla la voraz hiena para comerse a la liebre perspicaz / _cPedro Cabiya. |
| 246 | 1 | 4 | _aHistorias atroces |
| 250 | _a2a ed. | ||
| 260 |
_aSan Juan, Puerto Rico : _bIsla Negra, _c2004 _eRepública Dominicana |
||
| 300 |
_a173 p. ; _c22 cm. |
||
| 490 | 1 | _aEl rostro y la máscara | |
| 490 | 1 | _aEl fémur de tu padre | |
| 504 | _aIncluye notas al pie de las páginas. | ||
| 650 | 4 |
_aNovela puertorriqueña _91185 |
|
| 650 | 4 |
_aLiteratura puertorriqueña _9250 |
|
| 830 | 3 |
_aEl rostro y la máscara _9251 |
|
| 830 | 3 |
_aEl fémur de tu padre _927995 |
|
| 910 | _aValidado. Control de calidad BNPHU | ||
| 999 |
_c22018 _d22018 |
||